000 00433nam a2200157 a 4500
005 20240919064510.0
008 991125n198 [me 000 0 spa u
035 _aUPN01000016877
049 _aCG
050 4 _aGF516
_bE36
245 0 0 _aEcología y educación ambiental :
_bpaquete didáctico.
260 _a[México] :
_bSEP :
_bSEDUE,
_c[198-?].
300 _a101 p. :
_bil
650 4 _aEducación ambiental
_94338
905 _aLibro
999 _c16877
_d16877